La perla del emperador / (Record no. 76794)

MARC details
000 -LEADER
campo de control de longitud fija 00665nam a2200217 i 4500
001 - NÚMERO DE CONTROL
campo de control 76794
003 - IDENTIFICADOR DE NÚMERO DE CONTROL
campo de control ES-MaACL
005 - FECHA Y HORA DE LA ÚLTIMA TRANSACCIÓN
campo de control 20230906172949.0
007 - CAMPO FIJO DE DESCRIPCIÓN FÍSICA--INFORMACIÓN GENERAL
campo de control de longitud fija t|
008 - DATOS DE LONGITUD FIJA--INFORMACIÓN GENERAL
campo de control de longitud fija 041005s1973 sp ||||1| spa d
100 1# - ENTRADA PRINCIPAL--NOMBRE DE PERSONA
Nombre de persona Gulik, Robert van.
9 (RLIN) 60928
245 13 - MENCIÓN DEL TÍTULO
Título La perla del emperador /
Mención de responsabilidad, etc. Robert van Gulik ; [traducción Mª Angeles Peralta].
250 ## - MENCION DE EDICION
Mención de edición [1ª ed.].
260 ## - PUBLICACIÓN, DISTRIBUCIÓN, ETC.
Lugar de publicación, distribución, etc. Barcelona :
Nombre del editor, distribuidor, etc. Barral,
Fecha de publicación, distribución, etc. 1973.
300 ## - DESCRIPCIÓN FÍSICA
Extensión 183 p. ;
Dimensiones 19 cm.
490 1# - MENCIÓN DE SERIE
Mención de serie Serie negra. 24. Policial ;
Designación de volumen o secuencia 267
700 1# - ENTRADA AGREGADA--NOMBRE PERSONAL
Nombre de persona Peralta, Mª Angeles.
9 (RLIN) 90376
830 0# - PUNTO DE ACCESO ADICIONAL DE SERIE-TÍTULO UNIFORME
Título uniforme Serie negra. 24. Policial ;
Designación de volumen o secuencia 267
9 (RLIN) 231318
852 ## - LOCALIZACIÓN
Ubicación ES-MaACL
Número de control de estantería C-52874
Sublocalización o colección R.86343
Holdings
Estatus retirado Estado de pérdida Estado de daño No para préstamo Biblioteca de origen Biblioteca actual Ubicación en estantería Fecha de adquisición Fuente de adquisición Total de préstamos Signatura topográfica completa Código de barras Visto por última vez Precio de reemplazo Tipo de ítem Koha
        Biblioteca del Ateneo de Madrid Biblioteca del Ateneo de Madrid Depósito 2 17/01/2008     C-52874 1080353 23/02/2023 23/02/2023 Libro impreso